000 00703nam a2200253Ia 4500
005 20250425161814.0
008 250425s9999 xx 000 0 und d
020 _a997894110X
041 _aspa
043 _aec
082 _a320.9866
100 _aARIAS RENDON, NATALIA
245 0 _aALCANCES Y LIMITACIONES DE LA REFORMA POLITICA EN EL ECUADOR 1998
250 _a1A ED.
260 _aEcuador
_bASOCIACION AMERICANA DE JURISTAS . AAJ
_c1998
260 _aQUITO
300 _a357
650 _aDERECHO CONSTITUCIONAL
650 _aECUADOR-POLITICA
650 _aREFORMA POLITICA
710 _aILDIS INSTITUTO LATINOAMERICANO DE INVESTIGACION SOCIAL
942 _c01
010 _a30429
999 _c216492
_d216492